La inadecuada costumbre fiscal de negar la prueba (Registro nro. 22537)

Detalles MARC
000 -LEADER
fixed length control field 00344 a2200109 4500
001 - CONTROL NUMBER
control field ART_59293
005 - DATE AND TIME OF LATEST TRANSACTION
control field 20260410161823.0
008 - FIXED-LENGTH DATA ELEMENTS--GENERAL INFORMATION
fixed length control field 260409a
100 1# - MAIN ENTRY--PERSONAL NAME
Personal name Vega, Gerardo E.
245 10 - TITLE STATEMENT
Title La inadecuada costumbre fiscal de negar la prueba
773 0# - HOST ITEM ENTRY
Title Doctrina Penal Tributaria y Económica
Related parts - N° 69 (sep. 2023)
Record control number REV4317

No hay ítems disponibles.